[Event "ARCTIC CHESS CHALLENGE 2010"]
[Site "SCANDIC TROMSØ"]
[Date "2010.07.31"]
[Round "5"]
[White "Radulski, Julian"]
[Black "Drozdovskij, Yuri"]
[Result "1-0"]
[WhiteElo "2574"]
[BlackElo "2624"]
[PlyCount "141"]
[EventDate "2010.??.??"]

1. e4 c6 2. d4 d5 3. Nc3 dxe4 4. Nxe4 Nd7 5. Bc4 Ngf6 6. Ng5 e6 7. Qe2 Nb6 8.
Bd3 h6 9. N5f3 c5 10. dxc5 Bxc5 11. Ne5 Nbd7 12. Ngf3 Nxe5 13. Nxe5 O-O 14. O-O
b6 15. Bf4 Bb7 16. Rad1 Qe7 17. a3 Rfd8 18. Bg3 Rac8 19. Rfe1 a5 20. Rd2 Rd5
21. Red1 Ba8 22. c4 Rdd8 23. Kh1 Qb7 24. f3 Be7 25. b4 axb4 26. axb4 Nh5 27.
Be4 Qa7 28. Bb1 Rxd2 29. Qxd2 Qc7 30. Qc2 f5 31. Qe2 Nxg3+ 32. hxg3 Rd8 33.
Rxd8+ Bxd8 34. Nd3 Kf7 35. g4 Bf6 36. gxf5 exf5 37. c5 Qg3 38. Qa2+ Kg6 39. Qc4
b5 40. Nf4+ Kh7 41. Bxf5+ Kh8 42. Qe6 Qh4+ 43. Nh3 Qc4 44. Qxc4 bxc4 45. b5 c3
46. Nf4 g5 47. Ne2 Bd5 48. c6 Be5 49. Bd7 Bc4 50. Nxc3 Bc7 51. Bc8 Ba5 52. Ne4
Bxb5 53. Bb7 Kg8 54. Nd6 Ba4 55. Ne8 Kf7 56. c7 Bd7 57. Nd6+ Ke7 58. c8=Q Bxc8
59. Nxc8+ Kd7 60. Na7 h5 61. Be4 Ke6 62. Bg6 h4 63. Kh2 Kf6 64. Bc2 Bb6 65. Nc6
Bc7+ 66. Kh3 Bd6 67. Kg4 Bc5 68. Bf5 Be3 69. Nb8 Bc1 70. Nd7+ Ke7 71. Nc5 1-0

[Event "ARCTIC CHESS CHALLENGE 2010"]
[Site "SCANDIC TROMSØ"]
[Date "2010.07.31"]
[Round "5"]
[White "Bartel, Mateusz"]
[Black "Socko, Monika"]
[Result "1/2-1/2"]
[WhiteElo "2613"]
[BlackElo "2477"]
[PlyCount "93"]
[EventDate "2010.??.??"]

1. d4 Nf6 2. c4 g6 3. Nc3 Bg7 4. e4 d6 5. Nf3 O-O 6. Be2 e5 7. O-O Nc6 8. d5
Ne7 9. Ne1 Nd7 10. f3 f5 11. g4 Kh8 12. g5 f4 13. h4 Rf7 14. Kg2 Nf8 15. Nd3
Ng8 16. Rh1 h6 17. Qg1 Nh7 18. Kf1 hxg5 19. hxg5 Bf8 20. Bd2 Be7 21. Bxf4 exf4
22. Qd4+ Rg7 23. Nxf4 Qe8 24. Rh6 Nxh6 25. gxh6 Bf6 26. hxg7+ Kxg7 27. Qg1 Ng5
28. Ke1 Qh8 29. Kd1 Qh4 30. Nd3 Nh3 31. Qe1 Qg5 32. Kc2 Bd7 33. Qd2 Qg2 34. Re1
Ng5 35. Bd1 Qxd2+ 36. Kxd2 Rh8 37. f4 Rh2+ 38. Kc1 Nh3 39. e5 dxe5 40. fxe5
Bg5+ 41. Kb1 Bf5 42. Bc2 Rxc2 43. Kxc2 Nf2 44. Rd1 Bf4 45. e6 g5 46. c5 Kf6 47.
Re1 1/2-1/2

[Event "ARCTIC CHESS CHALLENGE 2010"]
[Site "SCANDIC TROMSØ"]
[Date "2010.07.31"]
[Round "5"]
[White "Ziska, Helgi Dam"]
[Black "Burmakin, Vladimir"]
[Result "1/2-1/2"]
[WhiteElo "2426"]
[BlackElo "2605"]
[PlyCount "74"]
[EventDate "2010.??.??"]

1. e4 e6 2. d3 d5 3. Nd2 c5 4. Ngf3 Nf6 5. g3 b6 6. Bg2 Bb7 7. O-O Be7 8. Re1
Nc6 9. c3 Qc7 10. a3 dxe4 11. dxe4 O-O 12. e5 Nd7 13. Qe2 Rfd8 14. Nf1 Na5 15.
Bf4 c4 16. Red1 Nc5 17. Ne1 Bxg2 18. Kxg2 Qc6+ 19. Kg1 Qe4 20. Qxe4 Nxe4 21.
Be3 Nc5 22. Bxc5 Bxc5 23. Kg2 Nb3 24. Rab1 Rd5 25. Rxd5 exd5 26. Rd1 d4 27. a4
a6 28. Nf3 dxc3 29. bxc3 b5 30. axb5 axb5 31. Rd7 h6 32. N1d2 Ra2 33. Ne4 Re2
34. Nxc5 Nxc5 35. Rd2 Rxd2 36. Nxd2 Nd3 37. Nb1 Nxe5 1/2-1/2

[Event "ARCTIC CHESS CHALLENGE 2010"]
[Site "SCANDIC TROMSØ"]
[Date "2010.07.31"]
[Round "5"]
[White "Azarov, Sergei"]
[Black "Urkedal, Frode Olav Olsen"]
[Result "1-0"]
[WhiteElo "2600"]
[BlackElo "2414"]
[PlyCount "59"]
[EventDate "2010.??.??"]

1. e4 c5 2. Nf3 d6 3. d4 cxd4 4. Nxd4 Nf6 5. Nc3 a6 6. Bg5 e6 7. f4 Qb6 8. Qd3
Nc6 9. Bxf6 gxf6 10. Nb3 Bd7 11. Be2 h5 12. Rf1 O-O-O 13. O-O-O Kb8 14. Kb1 Be7
15. Qh3 h4 16. Bg4 Qa7 17. f5 Ne5 18. fxe6 Nxg4 19. exd7 Nf2 20. Qf5 Nxd1 21.
Rxd1 Qe3 22. Nd4 Qg5 23. Nd5 Bf8 24. Qh3 Ka7 25. Qc3 Rxd7 26. Qc8 Re7 27. Nxe7
Qh5 28. Ndc6+ bxc6 29. Qc7+ Ka8 30. Qxc6+ 1-0

[Event "ARCTIC CHESS CHALLENGE 2010"]
[Site "SCANDIC TROMSØ"]
[Date "2010.07.31"]
[Round "5"]
[White "Lindberg, Bengt"]
[Black "Gyimesi, Zoltan"]
[Result "1/2-1/2"]
[WhiteElo "2413"]
[BlackElo "2598"]
[PlyCount "115"]
[EventDate "2010.??.??"]

1. e4 e5 2. Nf3 Nc6 3. Bb5 Nf6 4. O-O Nxe4 5. Re1 Nd6 6. Nxe5 Be7 7. Bf1 Nxe5
8. Rxe5 O-O 9. d4 Ne8 10. c4 Bf6 11. Re1 d5 12. cxd5 Qxd5 13. Be3 Be6 14. Nc3
Qd7 15. Ne4 Bd5 16. f3 Rd8 17. Nxf6+ Nxf6 18. Qc2 Be6 19. b3 h6 20. Rac1 Nd5
21. Bf2 Rfe8 22. Qd2 c6 23. Bc4 Nc7 24. Bf1 a6 25. Rcd1 Qe7 26. Re5 Qf6 27. Qe1
Qe7 28. Bh4 f6 29. Re4 Qd7 30. Qb4 Nd5 31. Qc5 Bf7 32. Rde1 Rxe4 33. Rxe4 Kh7
34. Re1 Bg6 35. Bc4 b6 36. Qa3 a5 37. Bxd5 Qxd5 38. Bf2 Rd7 39. h3 Bf7 40. Qb2
Qf5 41. Qc3 Bd5 42. Kh2 Ra7 43. a3 Qg6 44. Bg3 Qf7 45. b4 Qg6 46. bxa5 Rxa5 47.
Bd6 Qf5 48. Bb4 Ra8 49. Re7 Rd8 50. Qe1 Rd7 51. Rxd7 Qxd7 52. Qb1+ Kg8 53. Be1
Qd6+ 54. Bg3 Qxa3 55. Qxb6 Qa2 56. Qb8+ Kh7 57. Qf4 Qc2 58. h4 1/2-1/2

[Event "ARCTIC CHESS CHALLENGE 2010"]
[Site "SCANDIC TROMSØ"]
[Date "2010.07.31"]
[Round "5"]
[White "Bortnik, Alexandr"]
[Black "Malakhatko, Vadim"]
[Result "0-1"]
[WhiteElo "2318"]
[BlackElo "2576"]
[PlyCount "170"]
[EventDate "2010.??.??"]

1. e4 e6 2. d4 d5 3. Nc3 Nf6 4. Bd3 Nc6 5. e5 Nd7 6. Nce2 Nb4 7. c3 Nxd3+ 8.
Qxd3 c5 9. Bd2 a5 10. Nh3 b6 11. O-O Ba6 12. Qf3 Be7 13. Rfe1 Nf8 14. Nef4 Ng6
15. Nh5 O-O 16. Qg4 Bd3 17. Re3 Bf5 18. Qe2 Nh4 19. N3f4 Bg6 20. Rh3 cxd4 21.
cxd4 Nf5 22. Qg4 Rc8 23. Nxg6 fxg6 24. Ng3 Qd7 25. Nxf5 Rxf5 26. Rc3 Rxc3 27.
Bxc3 Qb5 28. Qd1 Bh4 29. g3 Bd8 30. a4 Qe8 31. Qe2 g5 32. Bd2 Rf8 33. b3 Qg6
34. Rc1 g4 35. Rc6 h5 36. Be3 Qb1+ 37. Qf1 Qf5 38. h4 gxh3 39. Kh2 g5 40. Qxh3
g4 41. Qf1 h4 42. Qe2 hxg3+ 43. fxg3 Qh7+ 44. Kg1 Qe4 45. Qe1 Bg5 46. Bf2 Rf3
47. Qxe4 dxe4 48. Be1 Be3+ 49. Kg2 Bxd4 50. Rxe6 Kf7 51. Rd6 Bc5 52. Rh6 Rxb3
53. Kf1 Rb1 54. Ke2 Rb2+ 55. Kd1 e3 56. Bc3 Ra2 57. Rf6+ Ke7 58. Rf4 Ra3 59.
Be1 Rd3+ 60. Ke2 Rd4 61. Rf6 Rxa4 62. Rg6 Rc4 63. Kd3 Rc1 64. Ke2 a4 65. Rxg4
a3 66. Ra4 Ke6 67. g4 Kxe5 68. Bg3+ Kd5 69. Be1 Rc4 70. Ra8 Rxg4 71. Kf3 Rd4
72. Ke2 Rc4 73. Kd1 b5 74. Ke2 Ra4 75. Rd8+ Kc4 76. Rd1 a2 77. Rc1+ Kd5 78.
Rd1+ Ke4 79. Bc3 Bd4 80. Ba1 Bxa1 81. Rxa1 Kd4 82. Rd1+ Kc3 83. Rd3+ Kc2 84.
Kxe3 a1=Q 85. Rd2+ Kc3 0-1

[Event "ARCTIC CHESS CHALLENGE 2010"]
[Site "SCANDIC TROMSØ"]
[Date "2010.07.31"]
[Round "5"]
[White "Leon Hoyos, Manuel"]
[Black "Ferguson, Mark"]
[Result "1-0"]
[WhiteElo "2556"]
[BlackElo "2387"]
[PlyCount "75"]
[EventDate "2010.??.??"]

1. Nf3 d5 2. c4 c6 3. g3 Nf6 4. Bg2 Bg4 5. Ne5 Bf5 6. cxd5 cxd5 7. Nc3 e6 8.
Qa4+ Nbd7 9. g4 Bg6 10. h4 h6 11. Nxg6 fxg6 12. g5 hxg5 13. hxg5 Rxh1+ 14. Bxh1
Qc7 15. Qh4 Nh5 16. d4 Bb4 17. Bd2 Nb6 18. a3 Bxc3 19. Bxc3 Rc8 20. Rc1 Na4 21.
Bd2 Qd7 22. Bf3 Rxc1+ 23. Bxc1 Qc7 24. Kd2 Kf8 25. Bxh5 gxh5 26. g6 Ke8 27. Kd1
Qb6 28. Qf4 Qb3+ 29. Ke1 Kd7 30. Qf7+ Kc6 31. Bf4 b6 32. Qxe6+ Kb5 33. Qe3 Qxb2
34. Qe8+ Ka5 35. Bd2+ Nc3 36. f4 Qc2 37. Qe3 Qb1+ 38. Kf2 1-0

[Event "ARCTIC CHESS CHALLENGE 2010"]
[Site "SCANDIC TROMSØ"]
[Date "2010.07.31"]
[Round "5"]
[White "Stokke, Kjetil"]
[Black "Abbasov, Farid"]
[Result "1/2-1/2"]
[WhiteElo "2401"]
[BlackElo "2549"]
[PlyCount "61"]
[EventDate "2010.??.??"]

1. c4 e5 2. g3 f5 3. Nc3 d6 4. Bg2 g6 5. d3 Bg7 6. e4 Nf6 7. Nge2 O-O 8. O-O
Nc6 9. Nd5 Be6 10. Bg5 Qd7 11. Qd2 Rf7 12. b4 Raf8 13. b5 Nd8 14. Bxf6 Bxf6 15.
exf5 Bxf5 16. Nxf6+ Rxf6 17. d4 Qf7 18. f4 exf4 19. Nxf4 c6 20. d5 cxb5 21.
cxb5 Qc7 22. Qd4 Qb6 23. Qxb6 axb6 24. Rfe1 g5 25. Ne6 Nxe6 26. dxe6 Bxe6 27.
Bxb7 Bc4 28. a4 Rd8 29. Rad1 h6 30. Ra1 d5 31. Rf1 1/2-1/2

[Event "ARCTIC CHESS CHALLENGE 2010"]
[Site "SCANDIC TROMSØ"]
[Date "2010.07.31"]
[Round "5"]
[White "Petrov, Marijan"]
[Black "Tiller, Bjørn"]
[Result "1/2-1/2"]
[WhiteElo "2535"]
[BlackElo "2398"]
[PlyCount "67"]
[EventDate "2010.??.??"]

1. e4 g6 2. d4 d6 3. Nc3 a6 4. f4 b5 5. Nf3 Bb7 6. Bd3 Nd7 7. e5 e6 8. a4 b4 9.
Ne4 Bxe4 10. Bxe4 d5 11. Bd3 c5 12. Be3 cxd4 13. Bxd4 Ne7 14. h4 Nf5 15. Bf2
Bc5 16. Qd2 h5 17. Bxc5 Nxc5 18. Bxf5 gxf5 19. Qxb4 Qc7 20. Qc3 Rc8 21. O-O Ke7
22. Qa3 Ke8 23. Qc3 Ke7 24. Rfd1 Rhg8 25. Ng5 Ne4 26. Qa3+ Qc5+ 27. Qxc5+ Rxc5
28. c3 Rc4 29. Rd4 Rxd4 30. cxd4 Rb8 31. Rc1 Rxb2 32. Rc7+ Kf8 33. Ra7 Rb4 34.
Rxa6 1/2-1/2

[Event "ARCTIC CHESS CHALLENGE 2010"]
[Site "SCANDIC TROMSØ"]
[Date "2010.07.31"]
[Round "5"]
[White "Collins, Sam E"]
[Black "Miezis, Normunds"]
[Result "1/2-1/2"]
[WhiteElo "2408"]
[BlackElo "2518"]
[PlyCount "89"]
[EventDate "2010.??.??"]

1. e4 c5 2. c3 d5 3. exd5 Qxd5 4. d4 e6 5. Nf3 Nf6 6. a3 Be7 7. Be3 Ng4 8. Nbd2
Nc6 9. Bc4 Qd8 10. O-O cxd4 11. cxd4 O-O 12. Rc1 Nxe3 13. fxe3 Qb6 14. b4 e5
15. Qb3 exd4 16. Bxf7+ Kh8 17. Nc4 Qd8 18. b5 Na5 19. Nxa5 Qxa5 20. exd4 Qxa3
21. Ne5 g6 22. g4 Qd6 23. Qe3 Kg7 24. Ba2 Be6 25. Nxg6 hxg6 26. Bxe6 Bg5 27.
Qxg5 Qxd4+ 28. Kg2 Qe4+ 29. Kg3 Qxe6 30. Rc7+ Kg8 31. Rxf8+ Rxf8 32. Qe7 Qf7
33. Qxf7+ Rxf7 34. Rxf7 Kxf7 35. h4 a5 36. bxa6 bxa6 37. Kf3 a5 38. Ke3 Kf6 39.
Kd3 Ke5 40. Kc3 Kf4 41. h5 gxh5 42. gxh5 Kg5 43. Kb3 Kxh5 44. Ka4 Kg5 45. Kxa5
1/2-1/2

[Event "ARCTIC CHESS CHALLENGE 2010"]
[Site "SCANDIC TROMSØ"]
[Date "2010.07.31"]
[Round "5"]
[White "Turner, Matthew J"]
[Black "Sowray, Peter J"]
[Result "1-0"]
[WhiteElo "2506"]
[BlackElo "2383"]
[PlyCount "157"]
[EventDate "2010.??.??"]

1. e4 e5 2. Nc3 Nc6 3. g3 Bc5 4. Bg2 a6 5. d3 d6 6. Nge2 Nf6 7. h3 h6 8. O-O
Be6 9. Nd5 Bxd5 10. exd5 Ne7 11. d4 exd4 12. Nxd4 O-O 13. c4 Qd7 14. Qd3 Rfe8
15. b3 Ng6 16. Bb2 Ne5 17. Qc2 b5 18. cxb5 axb5 19. Kh1 b4 20. f4 Ng6 21. Nf5
Nh5 22. Kh2 Ne7 23. Nh4 Nf6 24. Rfd1 Nh7 25. Re1 Nf8 26. f5 Nh7 27. Qe4 Ng5 28.
Qg4 Rad8 29. Rad1 Kh7 30. Be4 Ng8 31. f6+ Rxe4 32. Rxe4 Qxg4 33. Rxg4 Re8 34.
Rd2 Nxf6 35. Bxf6 gxf6 36. Kg2 h5 37. Rf4 Re1 38. Rf1 Re3 39. Nf5 Re5 40. Nh4
Re3 41. Rc2 Ne4 42. Nf5 Rd3 43. Re2 Nc3 44. Re7 Rd2+ 45. Kh1 Nd1 46. Rxf7+ Kh8
47. g4 Nf2+ 48. Rxf2 Rxf2 49. Rxf6 h4 50. Rh6+ Kg8 51. Rxh4 Rxa2 52. g5 Ra1+
53. Kg2 Kf7 54. Rg4 Rg1+ 55. Kf3 Rf1+ 56. Ke4 Re1+ 57. Kd3 Kg6 58. Nh4+ Kg7 59.
Re4 Rh1 60. Re7+ Kg8 61. Nf5 Rxh3+ 62. Ke4 Rh1 63. g6 Re1+ 64. Kf4 Rxe7 65.
Nxe7+ Kg7 66. Kf5 Bd4 67. Nc6 Bc3 68. Nd8 Kh6 69. Ne6 Bb2 70. Nxc7 Bc3 71. Ne6
Be5 72. Ng5 Kg7 73. Nf7 Bh2 74. Kg5 Bg3 75. Nh6 Bh2 76. Nf5+ Kf8 77. Kh6 Be5
78. Kh7 Bc3 79. Nxd6 1-0

[Event "ARCTIC CHESS CHALLENGE 2010"]
[Site "SCANDIC TROMSØ"]
[Date "2010.07.31"]
[Round "5"]
[White "Jens, Jelmer"]
[Black "Bykhovsky, Anatoly"]
[Result "1/2-1/2"]
[WhiteElo "2386"]
[BlackElo "2487"]
[PlyCount "59"]
[EventDate "2010.??.??"]

1. e4 c5 2. Nf3 Nc6 3. Bb5 d6 4. O-O Bd7 5. c3 Nf6 6. Re1 a6 7. Ba4 b5 8. Bc2
Bg4 9. h3 Bxf3 10. Qxf3 g6 11. d3 Bg7 12. Nd2 Nd7 13. a3 O-O 14. Qd1 Nb6 15.
Nf3 d5 16. e5 d4 17. Re4 Qc7 18. Qe2 Rad8 19. Bd2 e6 20. Re1 Rd5 21. c4 Rdd8
22. b3 Nd7 23. h4 bxc4 24. bxc4 Rb8 25. Bc1 Rb6 26. h5 Re8 27. hxg6 fxg6 28. g3
Rf8 29. Kg2 Qb7 30. Kg1 1/2-1/2

[Event "ARCTIC CHESS CHALLENGE 2010"]
[Site "SCANDIC TROMSØ"]
[Date "2010.07.31"]
[Round "5"]
[White "Elsness, Frode"]
[Black "Wohl, Aleksandar H"]
[Result "0-1"]
[WhiteElo "2485"]
[BlackElo "2375"]
[PlyCount "122"]
[EventDate "2010.??.??"]

1. d4 Nf6 2. c4 e6 3. Nf3 Bb4+ 4. Bd2 a5 5. Nc3 b6 6. e3 Bb7 7. Bd3 O-O 8. O-O
d6 9. Qc2 Nbd7 10. e4 e5 11. Nd5 Bxd2 12. Qxd2 Re8 13. Rfe1 c6 14. Nc3 Nh5 15.
g3 Qf6 16. Be2 Rad8 17. Rad1 g6 18. d5 Nc5 19. Qc2 Qe7 20. a3 Nf6 21. b4 axb4
22. axb4 Ncd7 23. Bf1 Rc8 24. dxc6 Rxc6 25. Qd2 Ra8 26. Re3 Ne8 27. h4 Ndf6 28.
Ng5 h6 29. Nf3 Rc7 30. Qb2 Bc6 31. Nd2 Rca7 32. Nb3 Nc7 33. Bg2 Ba4 34. Red3
Nfe8 35. Bh3 b5 36. c5 dxc5 37. bxc5 Bxb3 38. Qxb3 Qxc5 39. Rd7 Qc4 40. Qxc4
bxc4 41. Bf1 Nf6 42. Rd8+ Rxd8 43. Rxd8+ Kg7 44. Bxc4 Ra1+ 45. Bf1 Ne6 46. Rd3
Re1 47. Rd2 Nxe4 48. Nxe4 Rxe4 49. Rd1 Rb4 50. Ba6 Nc5 51. Rd6 Rb2 52. f3 e4
53. fxe4 Rb3 54. Kh2 Rxg3 55. Bc4 Rg4 56. h5 Rxe4 57. hxg6 Rxc4 58. gxf7 Rh4+
59. Kg3 Ne4+ 60. Kxh4 Nxd6 61. Kh5 Nxf7 0-1

[Event "ARCTIC CHESS CHALLENGE 2010"]
[Site "SCANDIC TROMSØ"]
[Date "2010.07.31"]
[Round "5"]
[White "Shoker, Samy"]
[Black "L`Ami, Alina"]
[Result "1-0"]
[WhiteElo "2472"]
[BlackElo "2323"]
[PlyCount "67"]
[EventDate "2010.??.??"]

1. g3 g6 2. Bg2 Bg7 3. c4 Nf6 4. Nc3 O-O 5. d3 d6 6. Rb1 c6 7. Nf3 e5 8. O-O
Re8 9. b4 d5 10. Nd2 Be6 11. b5 Qc8 12. bxc6 bxc6 13. Qb3 Qd7 14. Ba3 Bh6 15.
e3 Bf8 16. Bxf8 Kxf8 17. Qa4 Kg7 18. Rb2 dxc4 19. dxc4 Bh3 20. Nde4 Nxe4 21.
Nxe4 Bxg2 22. Kxg2 Qd3 23. c5 Re7 24. Rfb1 Qa6 25. Qd1 Nd7 26. Qd6 Rae8 27. Rb7
Qxa2 28. Rd1 Qc2 29. Rd3 Nf8 30. Nf6 Rxb7 31. Nxe8+ Kg8 32. Qxe5 f5 33. Rd6 Rb2
34. Qg7# 1-0

[Event "ARCTIC CHESS CHALLENGE 2010"]
[Site "SCANDIC TROMSØ"]
[Date "2010.07.31"]
[Round "5"]
[White "Shytaj, Luca"]
[Black "Poobalasingam, Peter S"]
[Result "1/2-1/2"]
[WhiteElo "2466"]
[BlackElo "2326"]
[PlyCount "98"]
[EventDate "2010.??.??"]

1. e4 c5 2. Nf3 e6 3. d4 cxd4 4. Nxd4 a6 5. Nc3 Qc7 6. Bd3 Nf6 7. O-O Nc6 8.
Be3 Nxd4 9. Bxd4 Bc5 10. Bxc5 Qxc5 11. Kh1 b5 12. f3 Bb7 13. Qe1 d6 14. a4 b4
15. Na2 a5 16. c3 bxc3 17. Bb5+ Ke7 18. Nxc3 Rhc8 19. Rc1 Qb6 20. Qd2 Rc5 21.
Rcd1 Rd8 22. Rfe1 Rcc8 23. Nb1 d5 24. e5 Nd7 25. Nc3 Nc5 26. Qd4 Kf8 27. f4 Qc7
28. Kg1 Nb3 29. Qf2 d4 30. Ne4 Bxe4 31. Rxe4 Qc2 32. Qe2 Qxe2 33. Rxe2 Rc7 34.
Ree1 Rdc8 35. Re2 Rc2 36. Kf2 Rxe2+ 37. Kxe2 Rc2+ 38. Kd3 Rxg2 39. Kc4 Rxb2 40.
Rd3 Nc1 41. Rd1 Rc2+ 42. Kxd4 g5 43. f5 Nb3+ 44. Kd3 Rxh2 45. Kc4 Nd2+ 46. Kc5
Nb3+ 47. Kc4 Nd2+ 48. Kc5 Nb3+ 49. Kc4 Nd2+ 1/2-1/2

[Event "ARCTIC CHESS CHALLENGE 2010"]
[Site "SCANDIC TROMSØ"]
[Date "2010.07.31"]
[Round "5"]
[White "Engstrom, Kaj"]
[Black "Lie, Espen"]
[Result "0-1"]
[WhiteElo "2290"]
[BlackElo "2464"]
[PlyCount "72"]
[EventDate "2010.??.??"]

1. e4 g6 2. d4 Bg7 3. Nc3 d6 4. Be3 a6 5. Qd2 Nd7 6. h4 h5 7. Nh3 b5 8. a4 b4
9. Nd5 a5 10. Bc4 e6 11. Ndf4 Nb6 12. Bb5+ Bd7 13. Bxd7+ Qxd7 14. b3 e5 15.
dxe5 Bxe5 16. Bd4 Qg4 17. O-O Ne7 18. c3 Qxh4 19. cxb4 g5 20. Bxe5 dxe5 21.
bxa5 Nc4 22. bxc4 gxf4 23. Ra3 Rg8 24. Kh2 Qg4 25. Rg1 Nc6 26. Qd5 Rg6 27. a6
Rxa6 28. a5 Kf8 29. g3 f3 30. Rb1 Kg8 31. Rbb3 Rf6 32. Ng1 h4 33. Rxf3 Nd4 34.
Rxf6 Rxf6 35. Qxe5 Rxf2+ 36. Kh1 Ne2 0-1

[Event "ARCTIC CHESS CHALLENGE 2010"]
[Site "SCANDIC TROMSØ"]
[Date "2010.07.31"]
[Round "5"]
[White "Caspi, Israel"]
[Black "Tsiolakidis, Anastasios"]
[Result "1/2-1/2"]
[WhiteElo "2454"]
[BlackElo "2289"]
[PlyCount "101"]
[EventDate "2010.??.??"]

1. e4 e5 2. Nf3 Nf6 3. Nxe5 d6 4. Nf3 Nxe4 5. c4 Be7 6. d4 O-O 7. Bd3 Ng5 8.
Nxg5 Bxg5 9. Qh5 h6 10. Bxg5 Qxg5 11. Qxg5 hxg5 12. Nc3 Nc6 13. Nd5 Nxd4 14.
Nxc7 Rb8 15. O-O-O Be6 16. f3 Rbc8 17. Nxe6 fxe6 18. Kb1 e5 19. Be4 Rc7 20. h4
gxh4 21. Bd5+ Kh7 22. Rxh4+ Kg6 23. Rdh1 Nf5 24. R4h2 Kf6 25. b3 a6 26. Rh8
Rxh8 27. Rxh8 Ne3 28. Be4 b5 29. cxb5 axb5 30. Rb8 d5 31. Bd3 d4 32. Bxb5 Nxg2
33. a4 Ne1 34. a5 d3 35. a6 d2 36. Be2 Nd3 37. Rd8 Rc1+ 38. Ka2 Nb4+ 39. Kb2
Nxa6 40. Rxd2 Rc6 41. Ka3 Rb6 42. Bc4 Kf5 43. Rd7 Kf4 44. Bd5 g5 45. Rf7+ Ke3
46. Rf5 Rb5 47. Bc4 Ra5+ 48. Kb2 Nb4 49. Kc3 Na2+ 50. Kb2 Nb4 51. Kc3 1/2-1/2

[Event "ARCTIC CHESS CHALLENGE 2010"]
[Site "SCANDIC TROMSØ"]
[Date "2010.07.31"]
[Round "5"]
[White "Khaetsky, Roman"]
[Black "Kiik, Kalle"]
[Result "1-0"]
[WhiteElo "2385"]
[BlackElo "2444"]
[PlyCount "111"]
[EventDate "2010.??.??"]

1. e4 e6 2. d4 d5 3. Nc3 Bb4 4. Nge2 dxe4 5. a3 Be7 6. Nxe4 Nd7 7. N2g3 Ngf6 8.
Bd3 c5 9. dxc5 Nxc5 10. Nxc5 Bxc5 11. Nh5 Qa5+ 12. Kf1 Nxh5 13. Qxh5 Qb6 14.
Ke2 Bd7 15. b4 Bd4 16. Be3 g6 17. Qh6 Bc6 18. Rhd1 O-O-O 19. f3 g5 20. Bg1 Rd5
21. Bxd4 Qxd4 22. Kf1 Qf4 23. Be2 Rhd8 24. Rxd5 Rxd5 25. Qxh7 g4 26. Qg8+ Rd8
27. Qxg4 Qxh2 28. Kf2 f5 29. Qg3 Qh8 30. Re1 e5 31. Qh3 Qxh3 32. gxh3 Rd2 33.
c4 f4 34. Rd1 Ra2 35. h4 e4 36. fxe4 Bxe4 37. Rd4 Bg6 38. Ke1 Ra1+ 39. Kf2 Ra2
40. Ke1 Ra1+ 41. Rd1 Rxa3 42. Rd6 f3 43. Bxf3 Rxf3 44. Rxg6 Rf4 45. h5 Rxc4 46.
h6 Rh4 47. Kf2 Kc7 48. Kg3 Rh1 49. Kf4 a6 50. Kg5 b6 51. Rf6 a5 52. bxa5 bxa5
53. Ra6 a4 54. Rxa4 Kd7 55. Rh4 Rg1+ 56. Rg4 1-0

[Event "ARCTIC CHESS CHALLENGE 2010"]
[Site "SCANDIC TROMSØ"]
[Date "2010.07.31"]
[Round "5"]
[White "Houska, Jiri"]
[Black "Moor, Olivier"]
[Result "0-1"]
[WhiteElo "2183"]
[BlackElo "2432"]
[PlyCount "58"]
[EventDate "2010.??.??"]

1. d4 d5 2. c4 c6 3. Nc3 Nf6 4. Nf3 a6 5. a4 e6 6. g3 dxc4 7. Bg2 c5 8. dxc5
Qxd1+ 9. Nxd1 Bxc5 10. O-O Nc6 11. Be3 Bb4 12. Rc1 Nd5 13. Rxc4 Bd7 14. Bd2 Be7
15. Rc1 O-O 16. e4 Ndb4 17. Bxb4 Bxb4 18. Ne3 Na5 19. Rfd1 Rfd8 20. Ra1 Nb3 21.
Ra2 Be8 22. Rxd8 Rxd8 23. Ne5 Rc8 24. Bf3 Rc1+ 25. Kg2 Nc5 26. a5 Bb5 27. h4 f6
28. N5g4 Nd3 29. b3 Ne1+ 0-1

[Event "ARCTIC CHESS CHALLENGE 2010"]
[Site "SCANDIC TROMSØ"]
[Date "2010.07.31"]
[Round "5"]
[White "Ernst, Thomas"]
[Black "Przezdziecka, Marta"]
[Result "1/2-1/2"]
[WhiteElo "2430"]
[BlackElo "2278"]
[PlyCount "94"]
[EventDate "2010.??.??"]

1. e4 c5 2. Nf3 Nc6 3. d4 cxd4 4. Nxd4 Qc7 5. Nb5 Qb8 6. c4 Nf6 7. N5c3 e6 8.
Be3 b6 9. Be2 Bc5 10. Qd2 O-O 11. O-O Bb7 12. Bxc5 bxc5 13. Na3 Nd4 14. Bd3 e5
15. Nc2 Bc6 16. Rab1 a5 17. f4 Re8 18. b3 Qd6 19. Nd5 Bxd5 20. cxd5 Nxc2 21.
Bxc2 Qb6 22. Kh1 Qb4 23. Qf2 d6 24. Rbe1 Ra7 25. fxe5 Rxe5 26. Qg3 Kh8 27. Qh3
Ra8 28. Re2 Rae8 29. Ref2 Qd4 30. Rxf6 gxf6 31. Qh6 Rg8 32. Qxf6+ Rg7 33. Qxd6
Reg5 34. g3 Qd2 35. Qd8+ Rg8 36. Qf6+ R8g7 37. Rf2 Qe3 38. d6 Rxg3 39. hxg3
Qxg3 40. Qd8+ Rg8 41. Qxg8+ Qxg8 42. e5 Qg4 43. Bf5 Qh5+ 44. Kg2 Qg5+ 45. Kf1
Qc1+ 46. Kg2 Qg5+ 47. Kf1 Qc1+ 1/2-1/2

[Event "ARCTIC CHESS CHALLENGE 2010"]
[Site "SCANDIC TROMSØ"]
[Date "2010.07.31"]
[Round "5"]
[White "Hansen, Torbjørn R"]
[Black "Lahlum, Hans Olav"]
[Result "1-0"]
[WhiteElo "2419"]
[BlackElo "2230"]
[PlyCount "69"]
[EventDate "2010.??.??"]

1. e4 e6 2. d4 d5 3. Nd2 c5 4. exd5 Qxd5 5. dxc5 Bxc5 6. Ngf3 Nf6 7. Bc4 Qh5 8.
Qe2 O-O 9. Nf1 Bd6 10. Bg5 Nd5 11. Ng3 Bxg3 12. fxg3 f6 13. Bd2 Nc6 14. O-O-O
Bd7 15. h3 Kh8 16. g4 Qf7 17. Rhf1 a6 18. g5 b5 19. Bb3 Rab8 20. gxf6 Qxf6 21.
Ng5 Nd4 22. Qd3 Nxb3+ 23. axb3 Qg6 24. Nf7+ Qxf7 25. Rxf7 Rxf7 26. c4 Rc8 27.
Kb1 Nf6 28. Re1 bxc4 29. bxc4 Bc6 30. Rxe6 Bxg2 31. Bc3 Rd7 32. Qf5 Ng8 33. Rg6
Rxc4 34. Qxd7 Be4+ 35. Ka2 1-0

[Event "ARCTIC CHESS CHALLENGE 2010"]
[Site "SCANDIC TROMSØ"]
[Date "2010.07.31"]
[Round "5"]
[White "Gullaksen, Eirik"]
[Black "Ukkelberg, Øyvind"]
[Result "1-0"]
[WhiteElo "2395"]
[BlackElo "1971"]
[PlyCount "49"]
[EventDate "2010.??.??"]

1. e4 c5 2. Nf3 e6 3. d3 Nc6 4. g3 d6 5. Bg2 g6 6. O-O Bg7 7. c3 e5 8. Be3 Nf6
9. h3 O-O 10. Nbd2 b6 11. d4 cxd4 12. cxd4 Bb7 13. d5 Ne7 14. g4 h5 15. Ng5
hxg4 16. hxg4 Qd7 17. Bf3 Bc8 18. Rc1 Ba6 19. Re1 Rac8 20. Nf1 Qb5 21. Qd2 Qd3
22. Qb4 Rxc1 23. Bxc1 Rc8 24. Qxd6 Bh6 25. Qxf6 1-0

[Event "ARCTIC CHESS CHALLENGE 2010"]
[Site "SCANDIC TROMSØ"]
[Date "2010.07.31"]
[Round "5"]
[White "Tjiam, Dharma"]
[Black "Bjerke, Richard"]
[Result "1-0"]
[WhiteElo "2385"]
[BlackElo "2199"]
[PlyCount "97"]
[EventDate "2010.??.??"]

1. d4 d5 2. c4 c6 3. Nf3 Nf6 4. e3 Bf5 5. Nc3 e6 6. Nh4 Bg6 7. Nxg6 hxg6 8. a3
Nbd7 9. g3 dxc4 10. Bxc4 Bd6 11. O-O Qe7 12. f4 O-O 13. e4 Bc7 14. Be3 Rfd8 15.
Qf3 a5 16. e5 Nd5 17. Nxd5 cxd5 18. Bd3 Nb8 19. Rad1 Nc6 20. Bb1 a4 21. Rf2 Bb6
22. h4 f5 23. exf6 Qxf6 24. Rfd2 e5 25. Ba2 Ra5 26. dxe5 Nxe5 27. Qe2 Ng4 28.
Bd4 Bxd4+ 29. Rxd4 Qf5 30. Qe7 Qf6 31. Qb4 Qe6 32. Re1 Qf6 33. Qd2 Kh7 34. Kg2
Rc5 35. Bb1 Qc6 36. h5 Nf6 37. hxg6+ Kg8 38. Bf5 Re8 39. Rxe8+ Qxe8 40. Kf3 Qb5
41. Qe2 Qxe2+ 42. Kxe2 b5 43. Rd2 Kf8 44. Rc2 Rxc2+ 45. Bxc2 Ne8 46. Bd3 Nc7
47. Ke3 Ke7 48. Kd4 Kd6 49. f5 1-0

[Event "ARCTIC CHESS CHALLENGE 2010"]
[Site "SCANDIC TROMSØ"]
[Date "2010.07.31"]
[Round "5"]
[White "Solomon, Kenny"]
[Black "Prakken, Gerrit"]
[Result "1-0"]
[WhiteElo "2383"]
[BlackElo "2194"]
[PlyCount "81"]
[EventDate "2010.??.??"]

1. d4 d5 2. Nf3 e6 3. c4 c6 4. Nbd2 Nf6 5. g3 Be7 6. Bg2 O-O 7. O-O Nbd7 8. Qc2
b6 9. e4 Bb7 10. e5 Ne8 11. cxd5 cxd5 12. Re1 a5 13. h4 Rc8 14. Qd3 h6 15. Nf1
Nc7 16. N1h2 Ba6 17. Qe3 a4 18. Bd2 a3 19. bxa3 Bc4 20. Bb4 Ra8 21. Nd2 b5 22.
Nb3 Nb8 23. Na5 Qd7 24. Rec1 Ra7 25. Ng4 Nca6 26. Bd2 Rc8 27. Qf3 Qd8 28. Nxc4
bxc4 29. Bxh6 gxh6 30. Nxh6+ Kg7 31. Qxf7+ Kxh6 32. Qxe6+ Kg7 33. Bxd5 Bxa3 34.
Rxc4 Rxc4 35. Bxc4 Nb4 36. Rd1 N8c6 37. d5 Na5 38. Bb5 Nxa2 39. Rd4 Bc1 40.
Rg4+ Kh8 41. Be8 1-0

[Event "ARCTIC CHESS CHALLENGE 2010"]
[Site "SCANDIC TROMSØ"]
[Date "2010.07.31"]
[Round "5"]
[White "Devereaux, Maxim L"]
[Black "Hanssen, Gunnar B"]
[Result "1-0"]
[WhiteElo "2380"]
[BlackElo "2191"]
[PlyCount "99"]
[EventDate "2010.??.??"]

1. d4 d5 2. Nf3 Nf6 3. c4 c6 4. e3 Bf5 5. Qb3 Qb6 6. Nc3 e6 7. Nh4 Qxb3 8. axb3
Bc2 9. c5 Bxb3 10. Ra3 Bc2 11. Kd2 Bg6 12. Rb3 b5 13. cxb6 axb6 14. Rxb6 Be7
15. Nxg6 hxg6 16. Be2 O-O 17. Kc2 c5 18. Rb7 cxd4 19. exd4 Nc6 20. Be3 Rfc8 21.
Rc1 Ne4 22. Kd1 Nd6 23. Rb6 Na5 24. Ra1 Nac4 25. Rxa8 Rxa8 26. Bxc4 Nxc4 27.
Rb7 Bf6 28. Kc2 Rc8 29. Kd3 Nd6 30. Rb6 Nc4 31. Rb7 Nd6 32. Ra7 Rb8 33. Bf4 Rb6
34. Ra8+ Kh7 35. Na4 Rc6 36. Bxd6 Rxd6 37. b4 Rc6 38. Nc5 e5 39. dxe5 Bxe5 40.
Rd8 Bxh2 41. Rxd5 f5 42. b5 Rb6 43. Kc4 Bc7 44. Rd7 Bb8 45. f3 g5 46. Rd5 g4
47. fxg4 fxg4 48. Nd7 Rb7 49. Nxb8 Rxb8 50. Rg5 1-0